000 00697nam a2200289Ia 4500
005 20260324112516.0
008 008 260324s9999 xx 000 0 eng d
020 _a9781032642864
037 _aEBOOK
040 _aCRL
040 _beng
040 _cCRL
041 _2eng
041 _aeng
084 _qCRL
100 _aSaif Hameed
_91142991
245 0 _aHuman Fungal Diseases
245 0 _bDiagnostics, Pathogenesis, Drug Resistance and Therapeutics
260 _bTaylor and Francis
260 _c2024
365 _a
365 _b210
856 _uhttp://www.taylorfrancis.com/books/9781032642864
942 _cEBOOK
999 _c1732228
_d1732228